000 00693nam a2200229Ia 4500
003 OSt
005 20241021090910.0
008 210716s2002 xx 000 0 und d
020 _a8178085623
040 _cAIMIT LIBRARY
041 _aeng
082 _a005.1332
_21
_bOBER
100 _aOberg, Robert J.
_9182775
245 _aIntroduction to c# using .net /
_cBy Robert J Oberg.
250 _a1st ed.
260 _aNew Delhi :
_bPearson Education ;
_c2002.
300 _axx,452p. ;
_bPB
_c24 cm.
650 _aC# programming fundamentals
_9182776
650 _aVirtual methods and polymorphism
_9182777
650 _aComponents and assemblies
_9182778
942 _2ddc
_cBK
_k005.1332 OBER
999 _c185194
_d185194